Ejercicios y problemas de álgebra lineal
| Main Authors: | , |
|---|---|
| Format: | Section = Libro |
| Language: | Undetermined Spanish |
| Published: |
España
McGraw-Hill
2005
|
| Edition: | 2a.ed |
| Subjects: |
| LEADER | 00707nam a2200253Ia 4500 | ||
|---|---|---|---|
| 008 | 240830s9999 xx 000 0 und d | ||
| 020 | |a 84-481-9858-1 | ||
| 040 | |a CEDOC FIQ-RUSB / 512.5 R741 | ||
| 041 | |a spa | ||
| 082 | |a 512.5 R741 | ||
| 100 | 1 | |a Rojo, Jesús | |
| 100 | 1 | |b Martín, Isabel | |
| 245 | 1 | 0 | |a Ejercicios y problemas de álgebra lineal |
| 250 | |a 2a.ed | ||
| 260 | |a España |b McGraw-Hill |c 2005 | ||
| 300 | |a 419 p. :il | ||
| 650 | 7 | |a ALGEBRA LINEAL - PROBLEMAS Y EJERCICIOS | |
| 650 | 7 | |b ESPACIOS VECTORIALES | |
| 650 | 7 | |c DETERMINANTES | |
| 650 | 7 | |d APLICACIONES LINEALES - MATRICES | |
| 650 | 7 | |e SISTEMAS - ECUACIONES LINEALES | |
| 942 | |c BK |2 ddc | ||
| 991 | |a TEXTO | ||
| 999 | |c 13085 | ||